Most Commonly Returning Mario Kart Tracks - Statistics

General Stats
  • This quiz has been taken 11 times
  • The average score is 14 of 18
Answer Stats
Debut Game Appears In Cups Answer % Correct
Super Mario Kart SuperSuper Circuit 7 8 (Deluxe) Tour SpecialExtra Special Lightning Triforce Triforce Rainbow Road
100%
Mario Kart Wii Wii7 8 Deluxe Tour FlowerBanana Golden Dash Coconut Mall
90%
Mario Kart Wii Wii8 (Deluxe) World MushroomShell Shell Lightning Moo Moo Meadows
90%
Mario Kart DS DS7 Tour World StarLightning Flower Airship Fortress
80%
Mario Kart 64 64DS 8 Deluxe Tour World FlowerLeaf Golden Dash Lightning Choco Mountain
80%
Mario Kart DS DS7 Tour World StarLeaf Star DK Pass
80%
Mario Kart Wii Wii7 8 Deluxe Tour StarLightning Cherry Koopa Cape
80%
Mario Kart Wii Wii7 8 Deluxe Tour StarLeaf Rock Maple Treeway
80%
Super Mario Kart SuperSuper Circuit Wii 8 Deluxe Tour World FlowerExtra Flower Lightning Turnip Special Mario Circuit 3
80%
Mario Kart Wii Wii7 8 Deluxe Tour MushroomShell Propeller Mushroom Gorge
80%
Mario Kart: Super Circuit Super CircuitDS 8 Deluxe Tour LightningLightning Lucky Cat Sky Garden
80%
Mario Kart DS DS7 8 Deluxe Tour FlowerBanana Turnip Waluigi Pinball
80%
Mario Kart: Double Dash!! Double Dash!!DS 8 (Deluxe) Tour StarLightning Egg Egg Yoshi Circuit
80%
Mario Kart: Double Dash!! Double Dash!!DS 8 (Deluxe) Tour MushroomBanana Crossing Crossing Baby Park
70%
Mario Kart Tour 8 DeluxeTour World PropellerStar Sky-High Sundae
70%
Mario Kart DS DSWii 8 Deluxe Tour SpecialLightning Moon Peach Gardens
60%
Mario Kart 7 78 (Deluxe) Tour StarLightning Lightning Piranha Plant Slide
60%
Mario Kart 7 78 (Deluxe) Tour StarBell Bell Neo Bowser City
50%
No matching quizzes found
Score Distribution
Percent of People with Each Score
Percentile by Number Answered
Your Score History
You have not taken this quiz